Water Resources Development Atlas of India/ (Record no. 69358)

MARC details
000 -LEADER
fixed length control field 00852nam a22001937a 4500
005 - DATE AND TIME OF LATEST TRANSACTION
control field 20120827122917.0
010 ## - LCCN (DPL NO)
LC control number B-464210
035 ## - SYSTEM CONTROL NUMBER
System control number B-464210
037 ## - SOURCE OF ACQUISITION
Stock number dpl
Source of stock number/acquisition Allied Pub/Ven
082 ## - DEWEY DECIMAL CLASSIFICATION NUMBER
Classification number 333.91150954
245 ## - TITLE STATEMENT
Title Water Resources Development Atlas of India/
260 ## - PUBLICATION, DISTRIBUTION, ETC. (IMPRINT)
Place of publication, distribution, etc Calcutta
Name of publisher, distributor, etc National Atlas and thematic Mapping organisation
Date of publication, distribution, etc 1996
270 ## - ADDRESS
Address Department of science and technology
City Kolkata
300 ## - PHYSICAL DESCRIPTION
Extent 33 plates.
Other physical details 55cm (Hb)
500 ## - GENERAL NOTE
General note It includes Maps
942 ## - ADDED ENTRY ELEMENTS (KOHA)
Source of classification or shelving scheme Dewey Decimal Classification
Item type English Books
Call number suffix WAT
Classification part 333.91150954
Holdings
Withdrawn status Lost status Not for loan Collection code Home library Current library Date acquired Source of acquisition Cost, normal purchase price Full call number Barcode Copy number Cost, replacement price Koha item type
    Not For Loan Reference Central Library Central Library 28/08/2012 Allied Pub/CR/0002098/22.02.2012/SP/30/24.01.2012/29.2.2012 650.00 333.91150954 WAT B-464210 1 650.00 English Books

© Delhi Public Library
Hit Counter
free hit counter